Loading...

Signs and images : writings on art, cinema and photography /

Bibliographic Details
Main Author: Barthes, Roland
Other Authors: Turner, Chris (Translator)
Format: Printed Book
Language:English
Published: London : Seagull, 2016
Subjects:
LEADER 00681 a2200169 4500
008 180728b ||||| |||| 00| 0 eng d
999 |c 117060  |d 117060 
020 |a 9780857422415 
082 |a 791.43657 BAR/S 
100 |a Barthes, Roland 
245 |a Signs and images :  |b writings on art, cinema and photography /  |c Roland Barthes ; translated by Chris Turner 
260 |b Seagull,  |c 2016  |a London : 
300 |a 146p. ;  |c 21cm. 
650 |a Film criticism 
700 |a Turner, Chris  |e translator 
942 |2 ddc  |c BK 
952 |0 0  |1 0  |2 ddc  |4 0  |6 791_436570000000000_BAR_S  |7 0  |9 126183  |a UL  |b UL  |c ST1  |d 2017-12-31  |e 176  |g 356.40  |l 6  |m 5  |o 791.43657 BAR/S  |p 98468  |q 2021-10-10  |r 2021-09-10  |s 2021-09-10  |v 495.00  |y BK